000 01293nam a2200265Ia 4500
999 _c36783
_d36783
001 2722
003 GE_BSU
005 20190605132502.0
008 181216s2011||||ge |||||||||||||| ||geo||
020 _a9789940037863
040 _cGE_BSU
041 _ageo
080 _a636.323 ქ-24
100 _aქარაია, რაისა
_92093
245 _aმსხვილნაყოფა ციტრუსები გრეიპფრუტი და პომპელმუსი /
_cრ. ქარაია ; მთ. რედ. მერი კვაჭანტირაძე.
264 _aთბილისი :
_bსაქ. მეცნ. ეროვნ. აკადემია
_c2011.
300 _a195 გვ. ;
_b20 სმ.
500 _aტექსტი, ყდა ქართ. და რუს.
504 _aლათ. ბოტანიკური დასახელების საძ.: 95. - ბიბლიოგრ.: გვ. 190-195.
520 _aრეზ. ინგლ.
653 _aგრეიპფრუტის სელექცია
653 _aპომპელმუსის სელექცია
700 _aკვაჭანტირაძე, მერი
_eრედაქტორი
_92094
942 _cBK
_2udc